Ekonomie a šťěstí

Šťastie v súčasnej ekonomickej teórii. Easterlingov paradox. Šťastie v dejinách ekonomického myslenia. Medziľudské vzťahy v súčasnej ekonomickej teórii.

Gespeichert in:
Bibliographische Detailangaben
1. Verfasser: Štika, Pavel
Format: Buchkapitel
Sprache:Tschechisch
Schlagworte:
Tags: Tag hinzufügen
Keine Tags, Fügen Sie das erste Tag hinzu!

MARC

LEADER 00000naa$a2200000$$$4500
001 0095070
005 20231121105254.7
041 0 |a cze 
044 |a CZ 
245 1 0 |a Ekonomie a šťěstí  |c Pavel Štika 
520 |a Šťastie v súčasnej ekonomickej teórii. Easterlingov paradox. Šťastie v dejinách ekonomického myslenia. Medziľudské vzťahy v súčasnej ekonomickej teórii. 
610 2 0 |a teórie ekonomické 
610 2 0 |a dejiny myslenia ekonomického 
610 2 0 |a veda ekonomická 
610 2 0 |a dôchodky 
610 2 0 |a blahobyt 
100 1 |a Štika, Pavel